[Event "Compostela Masters 2nd"]
[Site "Santiago de Compostela"]
[Date "2020.02.11"]
[Round "1"]
[White "Gomez Dieguez, David"]
[Black "Sanchez Aller, Fernando"]
[Result "1/2-1/2"]
[WhiteElo "2296"]
[BlackElo "2350"]
[PlyCount "56"]
[EventDate "2020.02.11"]
[EventType "tourn"]
[EventRounds "9"]
[EventCountry "ESP"]
[EventCategory "7"]
[SourceTitle "CBM 195 Extra"]
[Source "ChessBase"]
[SourceDate "2020.05.31"]
[SourceVersion "1"]
[SourceVersionDate "2020.05.31"]
[SourceQuality "1"]

1. e4 c5 2. Nc3 d6 3. d4 cxd4 4. Qxd4 Nc6 5. Qd2 g6 6. b3 Bh6 7. f4 e5 8. Nb5 Bxf4 9. Qxd6 Qxd6 10. Nxd6+ Kf8 11. Bc4 Bxc1 12. Rxc1 Nh6 13. Ne2 Ke7 14. Nxc8+ Raxc8 15. Nc3 f5 16. Nd5+ Kf8 17. exf5 gxf5 18. 0-0 Kg7 19. Rcd1 Rhd8 20. Rd3 Rd6 21. Ne3 Nd4 22. a4 Rcd8 23. c3 Ne2+ 24. Kf2 Rxd3 25. Bxd3 Rxd3 26. Kxe2 Rxc3 27. Nxf5+ Nxf5 28. Rxf5 Rxb3 1/2-1/2